[Event "ALG-ch U20"]
[Site "Tiaret"]
[Date "2019.06.27"]
[Round "2"]
[White "Benlakehal, Aymen"]
[Black "Benrekia, Yacine"]
[Result "0-1"]
[WhiteElo "1467"]
[BlackElo "1685"]
[PlyCount "72"]
[EventDate "2019.06.26"]
[EventType "swiss"]
[EventRounds "9"]
[EventCountry "ALG"]
[SourceTitle "EXT 2020"]
[Source "ChessBase"]
[SourceDate "2019.10.17"]
[SourceVersion "1"]
[SourceVersionDate "2019.10.17"]
[SourceQuality "1"]

1. d4 Nf6 2. c4 g6 3. Nc3 Bg7 4. e4 d6 5. Bd3 0-0 6. h3 c5 7. d5 e5 8. Nf3 Nh5 9. 0-0 Nf4 10. Bc2 Nd7 11. Be3 Qf6 12. Kh2 Nb6 13. b3 Bd7 14. Nb5 h6 15. Rc1 a6 16. Nc3 Nc8 17. a4 g5 18. Bxf4 exf4 19. e5 dxe5 20. Ne4 Qb6 21. Qd3 f5 22. Nexg5 hxg5 23. Nxg5 Qg6 24. Ne6 Bxe6 25. dxe6 Qxe6 26. Rcd1 Ne7 27. Qd7 Qxd7 28. Rxd7 Nc6 29. Rxb7 Nd4 30. Bd1 e4 31. g4 fxg4 32. Rg1 g3+ 33. fxg3 f3 34. Re7 Rae8 35. Rxe8 Rxe8 36. Re1 e3 0-1

[Event "ALG-ch U20"]
[Site "Tiaret"]
[Date "2019.06.27"]
[Round "4"]
[White "Hamoum, Halim"]
[Black "Benrekia, Yacine"]
[Result "0-1"]
[WhiteElo "1507"]
[BlackElo "1685"]
[PlyCount "98"]
[EventDate "2019.06.26"]
[EventType "swiss"]
[EventRounds "9"]
[EventCountry "ALG"]
[SourceTitle "EXT 2020"]
[Source "ChessBase"]
[SourceDate "2019.10.17"]
[SourceVersion "1"]
[SourceVersionDate "2019.10.17"]
[SourceQuality "1"]

1. e4 c5 2. Nf3 Nc6 3. d4 cxd4 4. Nxd4 Nf6 5. Nc3 e5 6. Nb3 Bb4 7. f3 d5 8. exd5 Nxd5 9. Bd2 Nxc3 10. bxc3 Bd6 11. Bd3 0-0 12. Qe2 Qe7 13. 0-0 f5 14. c4 Be6 15. Bc3 Qf7 16. c5 Be7 17. Qf2 Rad8 18. Rab1 Bc4 19. Qe3 Bxd3 20. cxd3 Qd5 21. Rbd1 a5 22. d4 exd4 23. Bxd4 f4 24. Qc3 Nxd4 25. Rxd4 Bxc5 26. Qxc5 Qxc5 27. Nxc5 Rxd4 28. Ne6 Rb4 29. Nxf8 Kxf8 30. Rc1 a4 31. Rc2 b5 32. g3 Rb1+ 33. Kf2 a3 34. Ke2 fxg3 35. hxg3 h5 36. Ke3 Ke7 37. Ke4 Kd6 38. Rc3 b4 39. Rd3+ Kc5 40. Rd5+ Kc4 41. Rxh5 Rb2 42. Rg5 Rxa2 43. Rxg7 Re2+ 44. Kf5 b3 45. g4 b2 46. Rc7+ Kd5 47. Rb7 a2 48. Rxb2 Rxb2 49. g5 a1Q 0-1

[Event "ALG-ch U20"]
[Site "Tiaret"]
[Date "2019.06.26"]
[Round "1"]
[White "Benrekia, Yacine"]
[Black "Brahimi, Abderahim"]
[Result "1-0"]
[WhiteElo "1685"]
[BlackElo "1267"]
[PlyCount "61"]
[EventDate "2019.06.26"]
[EventType "swiss"]
[EventRounds "9"]
[EventCountry "ALG"]
[SourceTitle "EXT 2020"]
[Source "ChessBase"]
[SourceDate "2019.10.17"]
[SourceVersion "1"]
[SourceVersionDate "2019.10.17"]
[SourceQuality "1"]

1. c4 c5 2. Nc3 Nc6 3. g3 e6 4. Bg2 Qc7 5. e4 Nf6 6. Nge2 Ne5 7. d3 Qd6 8. Nb5 Qc6 9. f4 Neg4 10. 0-0 a6 11. e5 Qb6 12. Nbc3 Ng8 13. h3 N4h6 14. Ne4 d5 15. exd6 Bd7 16. d4 Bxd6 17. Nxd6+ Qxd6 18. Bxb7 Rb8 19. Bg2 Nf6 20. dxc5 Qxc5+ 21. Qd4 Qe7 22. b3 0-0 23. Bb2 Nf5 24. Qf2 Qb4 25. Rad1 Ba4 26. Bxf6 gxf6 27. bxa4 Qxc4 28. Rd2 Qxa4 29. Nc3 Qa3 30. Ne4 Kg7 31. Re1 1-0

[Event "World ol U16"]
[Site "Konya"]
[Date "2018.11.28"]
[Round "5.21"]
[White "Benrekia, Yacine"]
[Black "Laohawirapap, Prin"]
[Result "0-1"]
[WhiteElo "1689"]
[BlackElo "1750"]
[PlyCount "73"]
[EventDate "2018.11.25"]
[EventType "team-swiss"]
[EventRounds "9"]
[EventCountry "TUR"]
[SourceTitle "CBM 187 Extra"]
[Source "ChessBase"]
[SourceDate "2018.11.04"]
[SourceVersion "1"]
[SourceVersionDate "2018.11.04"]
[SourceQuality "1"]
[WhiteTeam "Algeria"]
[BlackTeam "Thailand"]
[WhiteTeamCountry "ALG"]
[BlackTeamCountry "THA"]

1. c4 c6 2. d4 d5 3. cxd5 cxd5 4. Bf4 Nc6 5. Nc3 Nf6 6. e3 a6 7. Nf3 Bf5 8. Be2 e6 9. 0-0 Be7 10. Rc1 0-0 11. a3 Rc8 12. Na4 Nd7 13. b4 b5 14. Nc5 Nxc5 15. dxc5 Bf6 16. Bd6 Re8 17. Qb3 Qd7 18. Rfd1 e5 19. a4 bxa4 20. Qxa4 e4 21. Ne1 Nd4 22. Qa2 Nxe2+ 23. Qxe2 Bg4 24. f3 exf3 25. gxf3 Bf5 26. Rxd5 Bg5 27. Ng2 h6 28. Rcd1 Qe6 29. Re5 Qf6 30. Rxe8+ Rxe8 31. e4 Qc3 32. Qd3 Qxd3 33. Rxd3 Bd7 34. Ne1 Bb5 35. Ra3 f5 36. e5 Bd2 37. Nc2 0-1

[Event "World ol U16"]
[Site "Konya"]
[Date "2018.11.27"]
[Round "4.17"]
[White "Di, Xu Wei"]
[Black "Benrekia, Yacine"]
[Result "1-0"]
[WhiteElo "1947"]
[BlackElo "1689"]
[PlyCount "73"]
[EventDate "2018.11.25"]
[EventType "team-swiss"]
[EventRounds "9"]
[EventCountry "TUR"]
[SourceTitle "CBM 187 Extra"]
[Source "ChessBase"]
[SourceDate "2018.11.04"]
[SourceVersion "1"]
[SourceVersionDate "2018.11.04"]
[SourceQuality "1"]
[WhiteTeam "Malaysia"]
[BlackTeam "Algeria"]
[WhiteTeamCountry "MAS"]
[BlackTeamCountry "ALG"]

1. e4 c5 2. Nf3 Nc6 3. d4 cxd4 4. Nxd4 Nf6 5. Nc3 e5 6. Ndb5 d6 7. Nd5 Nxd5 8. exd5 Nb8 9. Be2 Be7 10. 0-0 0-0 11. Be3 a6 12. Nc3 b5 13. a4 bxa4 14. Rxa4 f5 15. f4 Nd7 16. fxe5 Nxe5 17. Qd2 Bd7 18. Rxa6 Rxa6 19. Bxa6 f4 20. Bd4 f3 21. Bxe5 dxe5 22. Bc4 Bc5+ 23. Kh1 fxg2+ 24. Qxg2 Rxf1+ 25. Qxf1 h6 26. Ne4 Ba7 27. b4 Qh4 28. Ng3 Bh3 29. d6+ Kh7 30. Qd3+ Kh8 31. Qd5 Qd8 32. Qxe5 Bg4 33. Qe4 Qf8 34. Qxg4 Qe8 35. Qe6 Qa8+ 36. Bd5 Bd4 37. Bxa8 1-0